Prediction of the deformation properties of polymeric and composite materials / (Record no. 25970)

MARC details
000 -LEADER
fixed length control field 01269cam a22003135a 4500
001 - CONTROL NUMBER
control field 009566887
005 - DATE AND TIME OF LATEST TRANSACTION
control field 20180121122635.0
008 - FIXED-LENGTH DATA ELEMENTS--GENERAL INFORMATION
fixed length control field 950502s1994 waua frb 001 0 eng d
020 ## - INTERNATIONAL STANDARD BOOK NUMBER
International Standard Book Number 0841225044
040 ## - CATALOGING SOURCE
Original cataloging agency Uk
Transcribing agency Uk
Language of cataloging eng
Modifying agency EG-ScBUE
041 1# - LANGUAGE CODE
Language code of text/sound track or separate title eng
Language code of original and/or intermediate translations of text rus
082 04 - DEWEY DECIMAL CLASSIFICATION NUMBER
Edition number 22
Classification number 620.1920423
Item number GOL
100 1# - MAIN ENTRY--PERSONAL NAME
Personal name Gol'dman, A. I︠A︡.
Fuller form of name (Anatoliĭ I︠A︡kovlevich)
245 10 - TITLE STATEMENT
Title Prediction of the deformation properties of polymeric and composite materials /
Statement of responsibility, etc A. Ya. Gol'dman ; translated by M. Shelef and R. A. Dickie.
260 ## - PUBLICATION, DISTRIBUTION, ETC. (IMPRINT)
Place of publication, distribution, etc Washington :
Name of publisher, distributor, etc American Chemical Society,
Date of publication, distribution, etc 1994.
300 ## - PHYSICAL DESCRIPTION
Extent xiii, 349 p. :
Other physical details ill. ;
Dimensions 24 cm.
490 0# - Series Statement
Series statement ACS professional reference book
500 ## - GENERAL NOTE
General note Translation of "Prognozirovanie deformat︠s︡ionno-prochnostnykh svoĭstv polimernykh i kompozit︠s︡ionnykh materialov".
504 ## - BIBLIOGRAPHY, ETC. NOTE
Bibliography, etc Includes bibliographical references and index.
546 ## - LANGUAGE NOTE
Language note Text in English ; translator from Russian.
650 #7 - SUBJECT ADDED ENTRY--TOPICAL TERM
Source of heading or term BUEsh
Topical term or geographic name as entry element Polymers
General subdivision Mechanical properties.
9 (RLIN) 6993
650 #7 - SUBJECT ADDED ENTRY--TOPICAL TERM
9 (RLIN) 29104
Topical term or geographic name as entry element Composite materials
General subdivision Mechanical properties.
651 ## - SUBJECT ADDED ENTRY--GEOGRAPHIC NAME
Source of heading or term BUEsh
653 ## - INDEX TERM--UNCONTROLLED
Resource For college Generalities
Arrived date list January2018
700 1# - ADDED ENTRY--PERSONAL NAME
Personal name Shelef, M.,
Relator term translator.
700 1# - ADDED ENTRY--PERSONAL NAME
Personal name Dickie, R. A.,
Relator term translator.
710 2# - ADDED ENTRY--CORPORATE NAME
Corporate name or jurisdiction name as entry element American Chemical Society.
942 ## - ADDED ENTRY ELEMENTS (KOHA)
Source of classification or shelving scheme Dewey Decimal Classification
Holdings
Withdrawn status Item status Source of classification or shelving scheme Damaged status Not for loan Home library Current library Shelving location Date acquired Total Checkouts Full call number Barcode Date last seen Koha item type
    Dewey Decimal Classification     Central Library Central Library First floor 21/01/2018   620.1920423 GOL 000047137 15/07/2025 Book - Borrowing